[Event "Sables d'Olonne op 3rd"]
[Site "Sables d'Olonne"]
[Date "2016.07.16"]
[Round "1"]
[White "Duboue, Peio"]
[Black "Cochet, Caroline"]
[Result "1-0"]
[WhiteElo "2400"]
[BlackElo "2023"]
[PlyCount "81"]
[EventDate "2016.07.16"]
[EventType "swiss"]
[EventRounds "9"]
[EventCountry "FRA"]
[SourceTitle "CBM 173 Extra"]
[Source "ChessBase"]
[SourceDate "2016.08.29"]
[SourceVersion "1"]
[SourceVersionDate "2016.08.29"]
[SourceQuality "1"]

1. e4 c5 2. Nf3 Nc6 3. c3 Nf6 4. d3 g6 5. g3 Bg7 6. Bg2 0-0 7. 0-0 b6 8. Nh4 Bb7 9. f4 d5 10. e5 Ne8 11. d4 e6 12. b3 Nc7 13. a4 cxd4 14. cxd4 b5 15. Ba3 b4 16. Bb2 a5 17. Nd2 Ba6 18. Rf2 Rc8 19. Rc1 Na8 20. Ndf3 h6 21. Rfc2 Qd7 22. Ne1 Ne7 23. Rc5 Rxc5 24. Rxc5 Nc6 25. g4 Rc8 26. Nhf3 Bf8 27. Rc2 Ne7 28. Nd3 Rxc2 29. Qxc2 Qc6 30. Nc5 Nc8 31. f5 Bxc5 32. dxc5 Ne7 33. Nd4 Qc8 34. fxe6 fxe6 35. c6 Nc7 36. Qc5 Kf7 37. Qxa5 Qb8 38. Qc5 Bc8 39. Nb5 Na6 40. Qf2+ Kg7 41. Qf6+ 1-0

[Event "FRA-chT Top 12 final (Women)"]
[Site "Saint Quentin"]
[Date "2016.06.26"]
[Round "2.1"]
[White "Cochet, Caroline"]
[Black "Huisman, Chloe"]
[Result "1-0"]
[WhiteElo "2015"]
[BlackElo "1937"]
[PlyCount "63"]
[EventDate "2016.06.25"]
[EventType "team-tourn"]
[EventRounds "2"]
[EventCountry "FRA"]
[SourceTitle "CBM 173 Extra"]
[Source "ChessBase"]
[SourceDate "2016.08.29"]
[SourceVersion "1"]
[SourceVersionDate "2016.08.29"]
[SourceQuality "1"]
[WhiteTeam "Mulhouse Philidor (W)"]
[BlackTeam "Evry (W)"]
[WhiteTeamCountry "FRA"]
[BlackTeamCountry "FRA"]

1. e4 d5 2. exd5 Nf6 3. d4 Bg4 4. Be2 Bxe2 5. Nxe2 Qxd5 6. 0-0 Nc6 7. b3 e6 8. c4 Qd7 9. Bb2 Be7 10. Nd2 0-0 11. a3 Rad8 12. Qc2 Nb8 13. Rad1 c6 14. Ng3 Qc7 15. Nde4 Nbd7 16. f4 Nxe4 17. Nxe4 Nf6 18. Rf3 Qa5 19. f5 e5 20. b4 Qc7 21. Rff1 exd4 22. Bxd4 Ng4 23. g3 Rxd4 24. Rxd4 Ne3 25. Qf2 Nxf1 26. f6 Bd8 27. fxg7 Kxg7 28. Kxf1 Qe5 29. Nd6 Bf6 30. Rg4+ Kh8 31. c5 Bg5 32. Nxf7+ 1-0

[Event "FRA-chT1 1011"]
[Site "France"]
[Date "2010.10.17"]
[Round "1.8"]
[White "Cochet, Caroline"]
[Black "Bernard, Jacques"]
[Result "1/2-1/2"]
[WhiteElo "2028"]
[BlackElo "2209"]
[PlyCount "60"]
[EventDate "2010.10.17"]
[EventType "team-tourn"]
[EventRounds "11"]
[EventCountry "FRA"]
[SourceTitle "EXT 2012"]
[Source "ChessBase"]
[SourceDate "2011.11.24"]
[SourceVersion "1"]
[SourceVersionDate "2011.11.24"]
[SourceQuality "1"]

1. e4 c5 2. Nf3 e6 3. d3 Nc6 4. Nbd2 g6 5. g3 Bg7 6. Bg2 Nge7 7. 0-0 0-0 8. Re1 e5 9. c3 d6 10. Nf1 h6 11. Ne3 Be6 12. Nd2 Qd7 13. Nd5 f5 14. Nf1 Rf7 15. f4 Raf8 16. Nfe3 Kh7 17. Qe2 b5 18. Bd2 a5 19. a3 b4 20. axb4 axb4 21. Ra6 fxe4 22. dxe4 exf4 23. Nxf4 bxc3 24. bxc3 Ne5 25. Rea1 g5 26. Ra7 Qc8 27. Ra8 Qd7 28. R8a7 Qc8 29. Ra8 Qd7 30. R8a7 Qc8 1/2-1/2

[Event "FRA-chT1 0910"]
[Site "France"]
[Date "2009.11.22"]
[Round "5.8"]
[White "Cochet, Caroline"]
[Black "Boulan, Laura"]
[Result "0-1"]
[WhiteElo "2032"]
[BlackElo "1972"]
[PlyCount "68"]
[EventDate "2009.09.27"]
[EventType "team-tourn"]
[EventRounds "11"]
[EventCountry "FRA"]
[SourceTitle "EXT 2011"]
[Source "ChessBase"]
[SourceDate "2010.11.26"]
[SourceVersion "1"]
[SourceVersionDate "2010.11.26"]
[SourceQuality "1"]

1. e4 e5 2. Nf3 d6 3. d4 exd4 4. Nxd4 Nf6 5. Nc3 Be7 6. f3 0-0 7. Bc4 c6 8. 0-0 b5 9. Bb3 b4 10. Na4 Bd7 11. c3 a5 12. Be3 c5 13. Ne2 Nc6 14. Nf4 Ne5 15. Nd5 c4 16. Bc2 Nxd5 17. exd5 Rb8 18. h3 Bf6 19. Bd4 Nd3 20. Bxf6 Qxf6 21. Bxd3 cxd3 22. Re1 Bxa4 23. Qxa4 bxc3 24. bxc3 Qxc3 25. Rec1 Qd2 26. Rd1 Qe3+ 27. Kh1 Rb2 28. Qa3 Qe2 29. Rg1 Re8 30. Qxa5 Qe3 31. Rae1 Re2 32. Rd1 d2 33. Qb4 Re1 34. Qb1 Qxg1# 0-1

[Event "FRA-chT1 0910"]
[Site "France"]
[Date "2009.10.04"]
[Round "1.8"]
[White "Lamorelle, Camille"]
[Black "Cochet, Caroline"]
[Result "1/2-1/2"]
[WhiteElo "1758"]
[BlackElo "2033"]
[PlyCount "94"]
[EventDate "2009.09.27"]
[EventType "team-tourn"]
[EventRounds "11"]
[EventCountry "FRA"]
[SourceTitle "EXT 2011"]
[Source "ChessBase"]
[SourceDate "2010.11.26"]
[SourceVersion "1"]
[SourceVersionDate "2010.11.26"]
[SourceQuality "1"]

1. e4 c5 2. Nf3 Nc6 3. d4 cxd4 4. Nxd4 g6 5. Nc3 Bg7 6. Be3 Nf6 7. Be2 0-0 8. 0-0 d6 9. f4 Qb6 10. Na4 Qb4 11. c3 Qa5 12. b4 Qc7 13. Bd3 Ng4 14. Qd2 Nxe3 15. Qxe3 a6 16. Rac1 b5 17. Nxc6 Qxc6 18. Nb6 Rb8 19. Nxc8 Rbxc8 20. c4 Qb7 21. cxb5 axb5 22. Qe2 Bc3 23. Rb1 Rb8 24. Kh1 d5 25. exd5 Qxd5 26. Rfd1 Qb7 27. Be4 Qb6 28. f5 Rfd8 29. Rdc1 Rd2 30. Qf3 Bf6 31. fxg6 hxg6 32. a3 Rbd8 33. h3 Kg7 34. Rc2 Rxc2 35. Bxc2 Rd2 36. Bd3 Ra2 37. Be4 Qa6 38. Rb3 Ra1+ 39. Rb1 Rxa3 40. Qe2 Ra2 41. Qd3 Ra1 42. Bf3 Qa2 43. Rd1 Rxd1+ 44. Qxd1 Qb2 45. Qd3 e6 46. Bc6 Bc3 47. Qf1 Qxb4 1/2-1/2

[Event "FRA-chT Top 16 Gp Basse"]
[Site "Le Port Marly"]
[Date "2009.05.30"]
[Round "10"]
[White "Cochet, Caroline"]
[Black "Metzger, Clement"]
[Result "1/2-1/2"]
[WhiteElo "2052"]
[BlackElo "2165"]
[PlyCount "69"]
[EventDate "2009.05.28"]
[EventType "tourn"]
[EventRounds "11"]
[EventCountry "FRA"]
[SourceTitle "CBM 130 Extra"]
[Source "ChessBase"]
[SourceDate "2009.07.02"]
[SourceVersion "2"]
[SourceVersionDate "2009.07.15"]
[SourceQuality "1"]

1. e4 c5 2. Nf3 Nc6 3. Bb5 e6 4. 0-0 Nge7 5. Re1 a6 6. Bf1 e5 7. c3 d6 8. h3 Ng6 9. d4 Qc7 10. dxe5 dxe5 11. Nbd2 b5 12. a4 Rb8 13. axb5 axb5 14. Be2 Bd6 15. Nf1 0-0 16. Ne3 Nce7 17. Qc2 Nf4 18. Bf1 f5 19. Nxf5 Nxf5 20. Bxf4 Nh4 21. Nxh4 Rxf4 22. Nf5 Bxf5 23. exf5 e4 24. Rxe4 Rxf5 25. Re8+ Rf8 26. Rxf8+ Rxf8 27. Qe4 c4 28. Qd5+ Kh8 29. Be2 Qc5 30. Bf3 Qxd5 31. Bxd5 Bc5 32. Ra5 Bb6 33. Ra8 Rxa8 34. Bxa8 Ba5 35. Bc6 1/2-1/2

[Event "FRA-chT Top 16 Gp Basse"]
[Site "Le Port Marly"]
[Date "2009.05.28"]
[Round "8"]
[White "Marzolo, Cyril"]
[Black "Cochet, Caroline"]
[Result "1-0"]
[WhiteElo "2476"]
[BlackElo "2052"]
[PlyCount "77"]
[EventDate "2009.05.28"]
[EventType "tourn"]
[EventRounds "11"]
[EventCountry "FRA"]
[SourceTitle "CBM 130 Extra"]
[Source "ChessBase"]
[SourceDate "2009.07.02"]
[SourceVersion "2"]
[SourceVersionDate "2009.07.15"]
[SourceQuality "1"]

1. d4 d5 2. Nf3 Nf6 3. c4 e6 4. Qc2 Nbd7 5. Bg5 Bb4+ 6. Nbd2 0-0 7. a3 Be7 8. Rc1 c6 9. c5 Qc7 10. Bh4 Re8 11. Bg3 Qd8 12. h3 Nf8 13. e3 Ng6 14. Bd3 Nd7 15. 0-0 Bf6 16. e4 e5 17. exd5 cxd5 18. Bxg6 hxg6 19. dxe5 Nxe5 20. Nxe5 Bxe5 21. Bxe5 Rxe5 22. Nf3 Re8 23. Rfd1 Be6 24. b4 Qf6 25. Qc3 Rac8 26. Nd4 a6 27. a4 Rc7 28. Qg3 Rec8 29. Rc3 Qe7 30. Re3 Qf6 31. Rf3 Qe7 32. Re1 Kh7 33. a5 Re8 34. Rfe3 Rcc8 35. Nf3 Qf6 36. Ng5+ Kg8 37. Qh4 d4 38. Rf3 Qd8 39. Rxe6 1-0

[Event "FRA-chT Top 16 Gp Basse"]
[Site "Evry"]
[Date "2008.06.01"]
[Round "11"]
[White "Cochet, Caroline"]
[Black "Gras, Delphine"]
[Result "1-0"]
[WhiteElo "2075"]
[BlackElo "2011"]
[PlyCount "81"]
[EventDate "2008.05.29"]
[EventType "team-tourn"]
[EventRounds "11"]
[EventCountry "FRA"]
[SourceTitle "CBM 124 Extra"]
[Source "ChessBase"]
[SourceDate "2008.07.03"]
[SourceVersion "1"]
[SourceVersionDate "2008.07.03"]
[SourceQuality "1"]

1. e4 c6 2. Ne2 d5 3. e5 c5 4. d4 Nc6 5. c3 Bf5 6. dxc5 Nxe5 7. Nd4 Bd7 8. Qh5 Qc7 9. Bf4 Nd3+ 10. Bxd3 Qxf4 11. 0-0 Nf6 12. Qe2 Ng4 13. g3 Qc7 14. b4 Ne5 15. Nb5 Bxb5 16. Bxb5+ Nc6 17. Rd1 Rd8 18. c4 dxc4 19. Na3 Rxd1+ 20. Rxd1 e6 21. Nxc4 Be7 22. Ne5 Bf6 23. Rd7 Qxe5 24. Qxe5 Bxe5 25. Rxb7 0-0 26. Bxc6 Rb8 27. Rxa7 Rxb4 28. Be8 Bd4 29. Rc7 Rb1+ 30. Kg2 Rb2 31. Bxf7+ Kf8 32. Bxe6 Rxf2+ 33. Kh3 Re2 34. Bb3 Bg1 35. c6 h5 36. Kh4 Rxh2+ 37. Kg5 Be3+ 38. Kg6 Rf2 39. Rxg7 Bd4 40. Rg8+ Ke7 41. c7 1-0

[Event "FRA-chT Top 16 Gp Basse"]
[Site "Evry"]
[Date "2008.05.30"]
[Round "9"]
[White "Cochet, Caroline"]
[Black "Lallemand, Roza"]
[Result "0-1"]
[WhiteElo "2075"]
[BlackElo "2259"]
[PlyCount "54"]
[EventDate "2008.05.29"]
[EventType "team-tourn"]
[EventRounds "11"]
[EventCountry "FRA"]
[SourceTitle "CBM 124 Extra"]
[Source "ChessBase"]
[SourceDate "2008.07.03"]
[SourceVersion "1"]
[SourceVersionDate "2008.07.03"]
[SourceQuality "1"]

1. e4 d6 2. c4 Nf6 3. Nc3 g6 4. g3 Bg7 5. Bg2 0-0 6. Nge2 e5 7. 0-0 Nc6 8. d3 Nh5 9. Nd5 Bg4 10. h3 Bxe2 11. Qxe2 Nd4 12. Qd1 c6 13. Nc3 Qe8 14. Ne2 Ne6 15. Rb1 f5 16. exf5 gxf5 17. f4 Qg6 18. Kh2 Rae8 19. Be3 Rf7 20. Rf3 exf4 21. Nxf4 Nexf4 22. gxf4 Rfe7 23. Qd2 Bh6 24. Rg1 Rxe3 25. Bf1 Rxf3 26. Rxg6+ hxg6 27. Qg2 Bxf4+ 0-1

[Event "FRA-chT Top 16 GpA"]
[Site "France"]
[Date "2008.04.13"]
[Round "7"]
[White "Skripchenko, Almira"]
[Black "Cochet, Caroline"]
[Result "1-0"]
[WhiteElo "2443"]
[BlackElo "2066"]
[PlyCount "89"]
[EventDate "2008.03.22"]
[EventType "team-tourn"]
[EventRounds "7"]
[EventCountry "FRA"]
[SourceTitle "CBM 123 Extra"]
[Source "ChessBase"]
[SourceDate "2008.05.06"]
[SourceVersion "1"]
[SourceVersionDate "2008.05.06"]
[SourceQuality "1"]

1. e4 c5 2. Nf3 Nc6 3. Bb5 g6 4. Bxc6 dxc6 5. d3 Bg7 6. h3 e5 7. Nc3 Qe7 8. Be3 Nf6 9. Qd2 Nd7 10. a3 b6 11. 0-0 Nf8 12. b4 cxb4 13. axb4 Bb7 14. Ra4 Nd7 15. b5 0-0 16. Rfa1 cxb5 17. Rxa7 b4 18. Nd5 Bxd5 19. exd5 Rxa7 20. Rxa7 Qd6 21. Ng5 Rc8 22. Ne4 Qxd5 23. Qxb4 Nc5 24. Bxc5 bxc5 25. Qb5 h6 26. Rd7 Qc6 27. c4 Bf8 28. Nc3 Qxb5 29. cxb5 c4 30. dxc4 Rxc4 31. Nd5 Rc1+ 32. Kh2 Rb1 33. b6 Bc5 34. b7 Kg7 35. Nc3 Rb4 36. Ne4 Ba7 37. f3 Bb8 38. Kg1 Rb2 39. Kf1 g5 40. g4 Kg6 41. Ng3 Rb3 42. Ke2 Ba7 43. Nf5 Bc5 44. Rc7 Ba3 45. Rc3 1-0

[Event "FRA-chT Top 16 GpA"]
[Site "France"]
[Date "2008.04.12"]
[Round "6"]
[White "Cochet, Caroline"]
[Black "Steil Antoni, Fiona"]
[Result "1/2-1/2"]
[WhiteElo "2066"]
[BlackElo "2122"]
[PlyCount "35"]
[EventDate "2008.03.22"]
[EventType "team-tourn"]
[EventRounds "7"]
[EventCountry "FRA"]
[SourceTitle "CBM 123 Extra"]
[Source "ChessBase"]
[SourceDate "2008.05.06"]
[SourceVersion "1"]
[SourceVersionDate "2008.05.06"]
[SourceQuality "1"]

1. e4 d6 2. c4 e5 3. Nc3 Nf6 4. g3 Be7 5. Bg2 0-0 6. Nge2 Be6 7. d3 Qd7 8. h3 Nc6 9. f4 exf4 10. Nxf4 Ne8 11. 0-0 Bf6 12. Nxe6 fxe6 13. Be3 e5 14. Nd5 Ne7 15. Qb3 c6 16. Nxf6+ Nxf6 17. d4 Qe6 18. d5 1/2-1/2

[Event "FRA-chT Top 16 GpA"]
[Site "France"]
[Date "2008.04.10"]
[Round "4"]
[White "Cochet, Caroline"]
[Black "Milliet, Sophie"]
[Result "0-1"]
[WhiteElo "2066"]
[BlackElo "2376"]
[PlyCount "98"]
[EventDate "2008.03.22"]
[EventType "team-tourn"]
[EventRounds "7"]
[EventCountry "FRA"]
[SourceTitle "CBM 123 Extra"]
[Source "ChessBase"]
[SourceDate "2008.05.06"]
[SourceVersion "1"]
[SourceVersionDate "2008.05.06"]
[SourceQuality "1"]

1. e4 c5 2. c4 Nc6 3. Ne2 Nf6 4. d3 e6 5. g3 d5 6. Bg2 dxc4 7. dxc4 Qxd1+ 8. Kxd1 Ng4 9. Be3 Nce5 10. b3 Nd3 11. Kd2 Ndxf2 12. Bxf2 Nxf2 13. Rf1 Ng4 14. h3 Ne5 15. Nbc3 Bd7 16. Kc2 a6 17. a4 Be7 18. Rad1 0-0 19. Nf4 Rfd8 20. Nd3 Nxd3 21. Rxd3 Bc6 22. Rdf3 Bf6 23. R3f2 Rac8 24. Re1 Be5 25. Ref1 Rc7 26. Rf3 Rcd7 27. R1f2 b6 28. g4 h6 29. h4 Bf6 30. Rh3 Ra7 31. Re2 Be5 32. g5 b5 33. gxh6 gxh6 34. Bf1 bxa4 35. Nxa4 Bxa4 36. bxa4 Rb7 37. Rb3 Rxb3 38. Kxb3 Rd3+ 39. Ka2 Kf8 40. Re1 Rd2+ 41. Kb3 Rh2 42. Rd1 Ke7 43. Rd3 Rxh4 44. Rh3 Rxh3+ 45. Bxh3 Kf6 46. Kc2 Kg5 47. Kd2 Kf4 48. Bg2 Kg3 49. Bh1 Kf2 0-1

[Event "FRA-chT Top 16 GpA"]
[Site "France"]
[Date "2008.03.24"]
[Round "3"]
[White "Moingt, Anne"]
[Black "Cochet, Caroline"]
[Result "1-0"]
[WhiteElo "2136"]
[BlackElo "2066"]
[PlyCount "123"]
[EventDate "2008.03.22"]
[EventType "team-tourn"]
[EventRounds "7"]
[EventCountry "FRA"]
[SourceTitle "CBM 123 Extra"]
[Source "ChessBase"]
[SourceDate "2008.05.06"]
[SourceVersion "1"]
[SourceVersionDate "2008.05.06"]
[SourceQuality "1"]

1. e4 c5 2. Nf3 e6 3. d4 cxd4 4. Nxd4 a6 5. Bd3 Qc7 6. Nc3 Nf6 7. 0-0 b5 8. a3 d6 9. f4 Nbd7 10. Qe2 Be7 11. Bd2 Bb7 12. Rae1 h5 13. h3 h4 14. Be3 Nh5 15. Qg4 Ndf6 16. Qf3 Ng3 17. Rf2 d5 18. exd5 Nxd5 19. Nxd5 Bxd5 20. Qg4 g6 21. Bd2 Bc5 22. c3 0-0-0 23. a4 Nf5 24. axb5 axb5 25. Qe2 Qb6 26. Bxf5 gxf5 27. Be3 Bc4 28. Qc2 Kb7 29. b4 Be7 30. Nxf5 Qc7 31. Nxe7 Qxe7 32. Bd4 Rhg8 33. f5 Bd5 34. Ra1 Ra8 35. Rxa8 Rxa8 36. Qe2 Bc4 37. Qe4+ Bd5 38. Qe2 Bc4 39. Qe5 Ra1+ 40. Kh2 Rf1 41. Rxf1 Bxf1 42. Qe4+ Kc8 43. Qa8+ Kd7 44. Qb7+ Ke8 45. Qc8+ Qd8 46. Qxd8+ Kxd8 47. fxe6 fxe6 48. Bf6+ Kd7 49. Bxh4 e5 50. Kg1 Bc4 51. Kf2 Ke6 52. g4 e4 53. Bd8 Kf7 54. Bb6 Kg6 55. Be3 Kf6 56. Kg3 Be2 57. Kf4 Bf3 58. h4 Kg6 59. h5+ Kh6 60. c4 Be2 61. c5 Bc4 62. Ke5+ 1-0

[Event "FRA-chT Top 16 Gp Haute"]
[Site "France"]
[Date "2007.06.02"]
[Round "10.8"]
[White "Cochet, Caroline"]
[Black "Leroy, Didier"]
[Result "1-0"]
[WhiteElo "2047"]
[BlackElo "2316"]
[PlyCount "55"]
[EventDate "2007.05.31"]
[EventType "team-tourn"]
[EventRounds "11"]
[EventCountry "FRA"]
[SourceTitle "CBM 118 Extra"]
[Source "ChessBase"]
[SourceDate "2007.07.04"]
[SourceVersion "1"]
[SourceVersionDate "2007.07.04"]
[SourceQuality "1"]
[WhiteTeam "Antibes"]
[BlackTeam "Evry"]
[WhiteTeamCountry "FRA"]
[BlackTeamCountry "FRA"]

1. e4 c5 2. Nf3 Nc6 3. d4 cxd4 4. Nxd4 d6 5. Nc3 Bd7 6. Be2 a6 7. 0-0 e6 8. Kh1 Nge7 9. f4 Nxd4 10. Qxd4 Nc6 11. Qf2 Be7 12. Qg3 0-0 13. f5 Ne5 14. Bh6 g6 15. Bxf8 Bxf8 16. f6 Bc6 17. Rad1 Qb6 18. b3 Qb4 19. Qe3 Rc8 20. Rd4 Qc5 21. b4 Qa7 22. Rfd1 Nd7 23. Qf3 Nxf6 24. Qxf6 Bg7 25. Qf2 e5 26. Bg4 f5 27. exf5 exd4 28. f6 1-0

[Event "FRA-chT Top 16 GpA"]
[Site "France"]
[Date "2007.05.01"]
[Round "7"]
[White "Cochet, Caroline"]
[Black "Alexieva, Silvia"]
[Result "0-1"]
[WhiteElo "2047"]
[BlackElo "2389"]
[PlyCount "88"]
[EventDate "2007.02.09"]
[EventType "team-tourn"]
[EventRounds "11"]
[EventCountry "FRA"]
[SourceTitle "CBM 118 Extra"]
[Source "ChessBase"]
[SourceDate "2007.07.04"]
[SourceVersion "1"]
[SourceVersionDate "2007.07.04"]
[SourceQuality "1"]
[WhiteTeam "Antibes"]
[BlackTeam "Gonfreville"]
[WhiteTeamCountry "FRA"]
[BlackTeamCountry "FRA"]

1. e4 c5 2. Nf3 e6 3. d3 Nc6 4. g3 g6 5. Bg2 Bg7 6. 0-0 Nge7 7. Re1 e5 8. Nc3 h6 9. Nd2 d6 10. Nc4 a6 11. a4 b6 12. Rf1 Be6 13. Ne3 0-0 14. f4 f5 15. exf5 gxf5 16. Ned5 Rb8 17. Be3 Nb4 18. Nxb4 cxb4 19. Ne2 Bd5 20. Bh3 Kh7 21. Qd2 Qc7 22. Rac1 Ba8 23. Bg2 Bxg2 24. Kxg2 Qc6+ 25. Kg1 Qxa4 26. Ra1 Qc6 27. Rxa6 Nd5 28. Bf2 Ra8 29. Rfa1 Rxa6 30. Rxa6 Ra8 31. Rxa8 Qxa8 32. c4 bxc3 33. Nxc3 exf4 34. gxf4 Qa1+ 35. Kg2 Bxc3 36. bxc3 Qxc3 37. Qxc3 Nxc3 38. Bxb6 Nd5 39. Ba7 Nxf4+ 40. Kf3 Nxd3 41. Bb8 d5 42. Ke3 Nb4 43. Bd6 Nc6 44. Bf4 Nd8 0-1

[Event "FRA-chT Top 16 GpA"]
[Site "France"]
[Date "2007.04.29"]
[Round "5"]
[White "Cochet, Caroline"]
[Black "Lam, Sophie"]
[Result "0-1"]
[WhiteElo "2047"]
[BlackElo "2067"]
[PlyCount "36"]
[EventDate "2007.02.09"]
[EventType "team-tourn"]
[EventRounds "11"]
[EventCountry "FRA"]
[SourceTitle "CBM 118 Extra"]
[Source "ChessBase"]
[SourceDate "2007.07.04"]
[SourceVersion "1"]
[SourceVersionDate "2007.07.04"]
[SourceQuality "1"]
[WhiteTeam "Antibes"]
[BlackTeam "Creteil"]
[WhiteTeamCountry "FRA"]
[BlackTeamCountry "FRA"]

1. e4 c5 2. Nf3 g6 3. d4 cxd4 4. Qxd4 Nf6 5. Bb5 Bg7 6. e5 a6 7. Ba4 Ng8 8. 0-0 b5 9. Bb3 Nc6 10. Qe4 Qc7 11. Bf4 e6 12. a4 b4 13. Nbd2 Bb7 14. Qe2 Nge7 15. Nc4 Nf5 16. g4 Ncd4 17. Nxd4 Nxd4 18. Qe3 Nf3+ 0-1

[Event "FRA-chT Top 16 GpA"]
[Site "France"]
[Date "2007.02.11"]
[Round "3.8"]
[White "Delorme, Laurie"]
[Black "Cochet, Caroline"]
[Result "0-1"]
[WhiteElo "2043"]
[BlackElo "2047"]
[PlyCount "198"]
[EventDate "2007.02.09"]
[EventType "team-tourn"]
[EventRounds "11"]
[EventCountry "FRA"]
[SourceTitle "CBM 116 Extra"]
[Source "ChessBase"]
[SourceDate "2007.03.07"]
[SourceVersion "1"]
[SourceVersionDate "2007.03.07"]
[SourceQuality "1"]
[WhiteTeam "Marseille"]
[BlackTeam "Antibes"]
[WhiteTeamCountry "FRA"]
[BlackTeamCountry "FRA"]

1. d4 g6 2. c4 Bg7 3. Nf3 Nf6 4. Nc3 d6 5. h3 Nbd7 6. Bg5 c6 7. e3 0-0 8. Be2 Qc7 9. Bh4 a6 10. Rc1 Qd8 11. 0-0 b5 12. d5 Nb6 13. Nd4 bxc4 14. Nxc6 Qc7 15. a4 Bb7 16. a5 Nbxd5 17. Nxd5 Nxd5 18. Qxd5 Qxc6 19. Qxc6 Bxc6 20. Bxe7 Rfc8 21. Bxd6 Bd5 22. Rfd1 Be6 23. Ba3 Rab8 24. Rc2 c3 25. Bxa6 Rc6 26. Bb7 Bb3 27. Rxc3 Bxc3 28. Bxc6 Bxd1 29. a6 Bxb2 30. a7 Be5 31. Bb2 Bc7 32. axb8Q+ Bxb8 33. Bf6 Bd6 34. g4 h6 35. f4 Kf8 36. g5 h5 37. Kf1 Bc2 38. Ke2 Bf5 39. h4 Bb4 40. e4 Bg4+ 41. Kf2 Bd2 42. Be5 Ke7 43. Bb5 Kf8 44. Bd3 Ke7 45. Bf6+ Kf8 46. f5 Bb4 47. fxg6 fxg6 48. Bc4 Bc5+ 49. Kg3 Bb4 50. Bd4 Be1+ 51. Bf2 Bd2 52. Kg2 Ke7 53. Bg3 Be3 54. Be1 Bc5 55. Bc3 Be6 56. Bd3 Bg4 57. Kg3 Be3 58. Bb4+ Kf7 59. Bc4+ Be6 60. Bb5 Bg4 61. Bc6 Bd4 62. Bd5+ Be6 63. Bd6 Bc3 64. Kf3 Bd4 65. Bc6 Bg4+ 66. Kg2 Be6 67. Bg3 Ke7 68. Bb5 Bg4 69. Kf1 Be3 70. Bd3 Kf7 71. Ke1 Ke6 72. Ba6 Ke7 73. Bf2 Bf4 74. Bc5+ Kf7 75. Kf2 Bd2 76. Bb7 Bf4 77. Bd4 Bd2 78. Bd5+ Be6 79. Bc6 Bg4 80. Bb5 Be6 81. Ke2 Bf4 82. Bf2 Be5 83. Kd3 Bb3 84. Bc6 Be6 85. Bd5 Ke7 86. Be1 Kf7 87. Kc4 Ke7 88. Kc5 Kf7 89. Kc6 Ke7 90. Bb4+ Kf7 91. Bd6 Bc3 92. Bg3 Bb4 93. Bf2 Bc3 94. Kd6 Bb4+ 95. Ke5 Bc3+ 96. Kd6 Bb4+ 97. Kc6 Bd2 98. Bg3 Bb4 99. Kb6 Bd2 0-1

[Event "FRA-ch (Women)"]
[Site "Chartres"]
[Date "2005.08.23"]
[Round "8"]
[White "Wohlers Armas, Friederike"]
[Black "Cochet, Caroline"]
[Result "1/2-1/2"]
[WhiteElo "2153"]
[BlackElo "2136"]
[PlyCount "29"]
[EventDate "2005.08.15"]
[EventType "tourn"]
[EventRounds "11"]
[EventCountry "FRA"]
[SourceTitle "CBM 107 Extra"]
[Source "ChessBase"]
[SourceDate "2005.09.01"]
[SourceVersion "1"]
[SourceVersionDate "2005.09.01"]
[SourceQuality "1"]

1. d4 d5 2. c4 e6 3. Nc3 Bb4 4. Qa4+ Nc6 5. a3 Be7 6. e4 Nf6 7. cxd5 exd5 8. e5 Ne4 9. Nxe4 dxe4 10. Be3 0-0 11. Bc4 Kh8 12. Ne2 f6 13. 0-0 fxe5 14. d5 Nd4 15. Nxd4 1/2-1/2

[Event "FRA-ch (Women)"]
[Site "Chartres"]
[Date "2005.08.20"]
[Round "6"]
[White "Lallemand, Roza"]
[Black "Cochet, Caroline"]
[Result "1-0"]
[WhiteElo "2287"]
[BlackElo "2136"]
[PlyCount "97"]
[EventDate "2005.08.15"]
[EventType "tourn"]
[EventRounds "11"]
[EventCountry "FRA"]
[SourceTitle "CBM 107 Extra"]
[Source "ChessBase"]
[SourceDate "2005.09.01"]
[SourceVersion "1"]
[SourceVersionDate "2005.09.01"]
[SourceQuality "1"]

1. e4 c5 2. Nf3 Nc6 3. Bb5 g6 4. 0-0 Bg7 5. c3 e5 6. d4 cxd4 7. cxd4 exd4 8. Bf4 Nge7 9. Bd6 0-0 10. Nbd2 Re8 11. Re1 a6 12. Bd3 b6 13. Rc1 Bb7 14. e5 a5 15. Be4 Nc8 16. Bd5 Nxd6 17. exd6 Rb8 18. Qb3 Rf8 19. Ne4 Nb4 20. Bxb7 Rxb7 21. a3 Nc6 22. Qd5 Rb8 23. b3 h6 24. h4 Kh7 25. h5 Rc8 26. g3 gxh5 27. Qf5+ Kg8 28. Kg2 Re8 29. Rcd1 Re6 30. Qxh5 Qf8 31. Qf5 Rce8 32. Rh1 Rxe4 33. Ng5 Qxd6 34. Nxe4 Qe6 35. Qxe6 dxe6 36. f4 Ne7 37. Kf3 Nf5 38. g4 Ne3 39. Rc1 f5 40. gxf5 exf5 41. Nd6 Re6 42. Rc8+ Kh7 43. Rd8 Bf6 44. Rd7+ Re7 45. Ne8 Kg6 46. Nxf6 Kxf6 47. Rxh6+ Kg7 48. Rxe7+ Kxh6 49. Re6+ 1-0

[Event "FRA-ch (Women)"]
[Site "Chartres"]
[Date "2005.08.16"]
[Round "11"]
[White "Cochet, Caroline"]
[Black "Milliet, Sophie"]
[Result "0-1"]
[WhiteElo "2136"]
[BlackElo "2321"]
[PlyCount "40"]
[EventDate "2005.08.15"]
[EventType "tourn"]
[EventRounds "11"]
[EventCountry "FRA"]
[SourceTitle "CBM 107 Extra"]
[Source "ChessBase"]
[SourceDate "2005.09.01"]
[SourceVersion "1"]
[SourceVersionDate "2005.09.01"]
[SourceQuality "1"]

1. e4 c5 2. Nf3 Nc6 3. Bb5 d6 4. d4 cxd4 5. Qxd4 Bd7 6. Bxc6 Bxc6 7. Nc3 Nf6 8. Bg5 e6 9. 0-0-0 Be7 10. Qd3 Qa5 11. h4 h6 12. Bxf6 Bxf6 13. Nd4 0-0 14. Kb1 d5 15. g4 dxe4 16. Nxe4 Bxd4 17. Qxd4 Rad8 18. Qe3 f5 19. Rxd8 Qxd8 20. gxf5 exf5 0-1

[Event "FRA-ch (Women)"]
[Site "Chartres"]
[Date "2005.08.15"]
[Round "1"]
[White "Alexieva, Silvia"]
[Black "Cochet, Caroline"]
[Result "1/2-1/2"]
[WhiteElo "2372"]
[BlackElo "2136"]
[PlyCount "113"]
[EventDate "2005.08.15"]
[EventType "tourn"]
[EventRounds "11"]
[EventCountry "FRA"]
[SourceTitle "CBM 107 Extra"]
[Source "ChessBase"]
[SourceDate "2005.09.01"]
[SourceVersion "1"]
[SourceVersionDate "2005.09.01"]
[SourceQuality "1"]

1. e4 c5 2. Nf3 Nc6 3. d4 cxd4 4. Nxd4 g6 5. c4 Nf6 6. Nc3 d6 7. Be2 Bg7 8. Be3 0-0 9. Qd2 Bd7 10. 0-0 Nxd4 11. Bxd4 Bc6 12. f3 Nd7 13. Be3 a5 14. Rab1 a4 15. Rfc1 Qa5 16. b4 axb3 17. axb3 b6 18. b4 Qa3 19. Bf1 Rfc8 20. Ne2 Qa2 21. Qxa2 Rxa2 22. Nd4 Ra3 23. Nxc6 Rxc6 24. Bf2 h5 25. Rd1 Be5 26. Bd3 Ra2 27. g3 Rc7 28. Bf1 Bg7 29. Rb3 Rb7 30. Bh3 Ne5 31. Rc1 Nc6 32. Rd1 Ra4 33. f4 Rxb4 34. Rxb4 Nxb4 35. Rb1 Nd3 36. Rxb6 Rxb6 37. Bxb6 Nc5 38. e5 Kf8 39. Kf2 f5 40. exd6 Bd4+ 41. Ke2 exd6 42. Bg2 Ke7 43. Bd5 Bg1 44. Kf3 Bd4 45. Kg2 Bc3 46. Kf3 Bd4 47. Ba5 Nd7 48. Bd2 Bf6 49. Be3 Nc5 50. Ke2 Bc3 51. h3 Bf6 52. Kf3 Nb3 53. Bb6 Nc5 54. g4 hxg4+ 55. hxg4 Bd4 56. g5 Bb2 57. Bxc5 1/2-1/2